[Event "Oberfranken-ch U18"]
[Site "Schney"]
[Date "2006.01.03"]
[Round "4.1"]
[White "Potzel, Andreas"]
[Black "Schirrmeister, Tim"]
[Result "1/2-1/2"]
[WhiteElo "1596"]
[BlackElo "1529"]
[PlyCount "24"]
[EventDate "2006.01.02"]
[EventType "swiss"]
[EventRounds "7"]
[EventCountry "GER"]
[SourceTitle "EXT 2019"]
[Source "ChessBase"]
[SourceDate "2018.10.10"]
[SourceVersion "1"]
[SourceVersionDate "2018.10.10"]
[SourceQuality "1"]

1. e4 c5 2. c3 g6 3. d4 cxd4 4. cxd4 Bg7 5. Nf3 d6 6. Nc3 Bg4 7. Be2 Nf6 8. 0-0 0-0 9. Re1 Nc6 10. h3 Bd7 11. Bf4 Qa5 12. a3 e5 1/2-1/2

[Event "Oberfranken-ch U18"]
[Site "Schney"]
[Date "2006.01.03"]
[Round "3.2"]
[White "Schirrmeister, Tim"]
[Black "Bizzell, Brandon"]
[Result "1/2-1/2"]
[WhiteElo "1529"]
[BlackElo "1741"]
[PlyCount "33"]
[EventDate "2006.01.02"]
[EventType "swiss"]
[EventRounds "7"]
[EventCountry "GER"]
[SourceTitle "EXT 2019"]
[Source "ChessBase"]
[SourceDate "2018.10.10"]
[SourceVersion "1"]
[SourceVersionDate "2018.10.10"]
[SourceQuality "1"]

1. e4 c5 2. Nf3 Nc6 3. d4 cxd4 4. Nxd4 Nf6 5. Nc3 e5 6. Ndb5 d6 7. Bg5 a6 8. Na3 b5 9. Bxf6 gxf6 10. Nd5 Bg7 11. Bd3 Ne7 12. c4 f5 13. cxb5 Nxd5 14. exd5 e4 15. Qe2 0-0 16. Bc4 Qa5+ 17. Kf1 1/2-1/2

[Event "Oberfranken-ch U16 0304"]
[Site "Schney"]
[Date "2004.01.03"]
[Round "3"]
[White "Schirrmeister, Tim"]
[Black "Duetz, Christoph"]
[Result "0-1"]
[WhiteElo "1224"]
[BlackElo "1176"]
[PlyCount "72"]
[EventDate "2004.01.02"]
[EventType "swiss"]
[EventRounds "7"]
[EventCountry "GER"]
[SourceTitle "EXT 2005"]
[Source "ChessBase"]
[SourceDate "2004.11.15"]
[SourceVersion "1"]
[SourceVersionDate "2004.11.15"]
[SourceQuality "1"]

1. e4 e5 2. Nf3 Nc6 3. Bb5 Bc5 4. Nc3 Nge7 5. 0-0 0-0 6. Bxc6 Nxc6 7. Re1 d6 8. Nd5 Bg4 9. c3 f5 10. h3 Bxf3 11. gxf3 Qh4 12. d4 exd4 13. b4 Bb6 14. Qb3 Kh8 15. Nxb6 axb6 16. Kg2 Rae8 17. b5 fxe4 18. f4 Re5 19. Rf1 Rh5 20. Rh1 Rg5+ 21. Kf1 e3 22. fxe3 dxe3 23. Bxe3 Rxf4+ 24. Bxf4 Qxf4+ 25. Ke2 Qe4+ 26. Kd2 Rg2+ 27. Kc1 Na5 28. Qd1 Qe3+ 29. Kb1 Nc4 30. Qb3 Nd2+ 31. Kb2 Nxb3+ 32. Kxb3 h6 33. Rae1 Qd2 34. Re8+ Kh7 35. Rhe1 Qxa2+ 36. Kb4 Rb2# 0-1

[Event "Oberfranken-ch U16 0304"]
[Site "Schney"]
[Date "2004.01.02"]
[Round "2"]
[White "Schneider, Markus"]
[Black "Schirrmeister, Tim"]
[Result "0-1"]
[WhiteElo "1362"]
[BlackElo "1224"]
[PlyCount "102"]
[EventDate "2004.01.02"]
[EventType "swiss"]
[EventRounds "7"]
[EventCountry "GER"]
[SourceTitle "EXT 2005"]
[Source "ChessBase"]
[SourceDate "2004.11.15"]
[SourceVersion "1"]
[SourceVersionDate "2004.11.15"]
[SourceQuality "1"]

1. d4 Nf6 2. c4 e6 3. Nc3 Bb4 4. e3 0-0 5. Bd2 b6 6. Nf3 Bb7 7. g3 d6 8. Bg2 c5 9. a3 Bxc3 10. Bxc3 Ne4 11. Qc2 Qf6 12. 0-0 Nxc3 13. Ne1 Bxg2 14. Nxg2 cxd4 15. bxc3 dxc3 16. Rfd1 Qe5 17. Rd3 Rc8 18. f4 Qc5 19. Qxc3 Nc6 20. Rad1 Rd8 21. Qb3 Na5 22. Qb5 Qxc4 23. Qxc4 Nxc4 24. Rc1 Rac8 25. Rdc3 b5 26. a4 a6 27. axb5 axb5 28. Ne1 Nb6 29. Rxc8 Rxc8 30. Rxc8+ Nxc8 31. Nc2 Kf8 32. Kf2 Ke7 33. Ke2 d5 34. Nd4 Na7 35. Kd3 Kd6 36. Kc3 g6 37. Kb4 e5 38. Nxb5+ Nxb5 39. Kxb5 f6 40. h4 h5 41. Kb4 Kc6 42. Kc3 Kc5 43. Kc2 Kc4 44. Kd2 d4 45. e4 d3 46. Kd1 Kd4 47. f5 gxf5 48. exf5 Ke4 49. Kd2 Kxf5 50. Kxd3 Kg4 51. Ke4 Kxg3 0-1